000 00663cam a22002053a 4500
001 33906
003 PGUSA
005 20140828083731.0
008 101025s2010||||xxu|||||s|||||000 | eng d
040 _aPGUSA
_beng
042 _adc
100 1 _aJesse, F. Tennyson
_q(Fryniwyd Tennyson),
_d1888-1958
245 1 4 _aThe Sword of Deborah :
_bFirst-hand impressions of the British Women's Army in France
_h[electronic resource] /
_cF. Tennyson Jesse
260 _bProject Gutenberg,
_c2010
506 _aPublic domain in the USA.
516 _aElectronic text
830 0 _aProject Gutenberg
_v33906
856 4 0 _uhttp://www.gutenberg.org/ebooks/33906
942 _cEB
999 _c263161
_d263161